00481nam a22001577a 450000100060000000300090000600500170001500800410003204000380007308200240011110000300013524500630016526000390022830000240026765000320029114161BD-DhUAP20200209100802.0200209s bg ||||| |||| 00| 0 eng d aBD-DhUAPbEngcBD-DhUAPdBD-DhUAP 223a345.549205 RAB  aRabbani, Mohammad Gholam. aA hand book of criminal trial /cMohammad Gholam Rabbani.  aDhaka : bM. G. Samdani, c[...?]. a94 pages ;c22 cm.  aCriminal law zBangladesh.